000 00530nam a2200205Ia 4500
005 20250326144955.0
008 250326s9999 xx 000 0 und d
020 _a0-273-02741-7
037 _aTextbook
040 _aFMSL
_beng
_cFMSL
041 _aeng
_2eng
084 _aX(F):8 M6
_qFMSL
100 _aTwiss Brian C
245 0 _aManaging technological innovation
_cTwiss Brian C
250 _a3
260 _aNY
_bNY, Pitman
_c1986
300 _a238p
942 _cTB
_hX(F):8 M6
999 _c1305872
_d1305872